Moskva 2042 /

Bibliographic Details
Main Author: Voĭnovich, Vladimir, 1932-
Format: Book
Language:Russian
Published: Ann Arbor : Ardis, [1987]

MARC

Tag First Indicator Second Indicator Subfields
LEADER 00000cam a2200000 a 4500
001 in00000030986
005 20151007054923.0
008 860911s1987 miuc 00011 rus
010 |a  86023865  
020 |a 087501030X (alk. paper) 
020 |a 0875010318 (pbk.) 
035 |a (OCoLC)14270609 
035 |9 AAB6658AM 
040 |a DLC  |c DLC  |d m/c  |d TXA  |d UtOrBLW 
049 |a TXAM  |c [A11060565] 
050 0 0 |a PG3489.4.I53  |b M65 1987 
082 0 |a 891.7/344  |2 19 
100 1 |a Voĭnovich, Vladimir,  |d 1932- 
245 1 0 |a Moskva 2042 /  |c Vladimir Voĭnovich. 
264 1 |a Ann Arbor :  |b Ardis,  |c [1987] 
264 4 |c ©1987 
300 |a 343 pages :  |b portrait ;  |c 25 cm. 
336 |a text  |b txt  |2 rdacontent 
337 |a unmediated  |b n  |2 rdamedia 
338 |a volume  |b nc  |2 rdacarrier 
999 |a MARS 
999 f f |s c2cfa3e6-ead7-3c16-9a7e-aa453fdcd7db  |i 9ecd8301-2d3b-3b06-9319-10b0cb1f2d04  |t 0 
952 f f |p normal  |a Texas A&M University  |b College Station  |c Sterling C. Evans Library  |d Evans: Library Stacks  |t 0  |e PG3489.4.I53 M65 1987  |h Library of Congress classification  |i unmediated -- volume  |m A14822181007 
998 f f |a PG3489.4.I53 M65 1987  |t 0  |l Evans: Library Stacks